000 00365nam a22001457a 4500
003 OSt
005 20150930151752.0
008 150930b xxu||||| |||| 00| 0 eng d
040 _cRUA
082 _aAGR ហ៊ 1992 B002 Or.1
100 _91615
_aហ៊, សុផល
245 _aដំណាំសណ្តែកដី
300 _a71p.
_c29cm.
942 _2ddc
_cAGR
999 _c1524
_d1524